000 00269nam a2200109 4500
245 _aIt's a battlefield
_cGraham Greene
100 _aGreene, Graham
260 _aHarmondsworth
_bPenguin Books
_c1971
300 _a201p.; 22cm.
020 _a014000257X
082 _a823.91
_bGRE
999 _c1750
_d1750